| 000 | 01559cam a22004454i 4500 | ||
|---|---|---|---|
| 003 | PE-LiUPU | ||
| 005 | 20250731173056.0 | ||
| 008 | 150623s1998 ilu r 000 0 eng d | ||
| 020 | _a0830811699 | ||
| 035 | _a(Sirsi) i9780830811694 | ||
| 040 |
_aPE-LiUPU _bspa _cPE-LiUPU _erda |
||
| 049 | _aPRUA | ||
| 082 | 0 | 4 |
_a248.4071 _bO37 _221 |
| 100 | 1 |
_aOgden, Greg, _eautor. |
|
| 245 | 1 | 0 |
_aDiscipleship essentials : _ba guide to building your life in Christ / _cGreg Ogden. |
| 264 | 1 |
_aDowners Grove, Illinois : _bInterVarsity Press, _c1998. |
|
| 300 |
_a223 páginas ; _c28 centímetros |
||
| 336 |
_atext _2rdacontent |
||
| 337 |
_aunmediated _2rdamedia |
||
| 338 |
_avolume _2rdacarrier |
||
| 505 | 0 | _aGrowing up in Christ -- Understanding the message of Christ -- Becoming like Christ -- Serving Christ. | |
| 526 | _aSEG42 | ||
| 526 | _aSEG41 | ||
| 526 | _aSEG40 | ||
| 526 | _aSEG39 | ||
| 526 | _aP94 | ||
| 526 | _aP87 | ||
| 526 | _aP86 | ||
| 526 | _aP85 | ||
| 526 | _aP77 | ||
| 526 | _aP76 | ||
| 526 | _aP35 | ||
| 650 | 0 | 4 |
_aVida cristiana _xEstudio y enseñanza. |
| 942 |
_2ddc _cBOOK |
||
| 949 |
_a248.4071 O37 _wDEWEY _c1 _i48611 _lCCODEBUL1 _mBUL _r0 _sY _tBOOK _u2015-6-24 _xTEOLOGIA _PP35 _0COMPRA _o.STAFF. Colección General |
||
| 994 |
_aC0 _bPEPRU |
||
| 596 | _a1 | ||
| 999 |
_a248.4071 O37 _wDEWEY _c27780 _i48611 _d27780 _e2017-6-1 _f2021-11-11 _g5 _lCCODEBUL1 _mBUL _n2 _p14.51 _q2 _r0 _sY _tBOOK _u2015-6-24 _xTEOLOGIA _PP35 _0COMPRA _o.STAFF. Colección Teología |
||
| 980 |
_81 _gALBERTO SANCHEZ Responsable de Automatización |
||